Speedy Typing Quiz Stats

 Plays Quiz Updated Dec 6, 2011

Also try: Typing Challenge
Challenge
Share
Tweet
Embed
Score 0/42 Timer 01:00
3 Plays Today
Type the word... Word % Correct
????
100%
????
99.8%
????
99.6%
????
99.4%
????
99.3%
????
99.1%
????
99%
????
98.8%
????
98.7%
????
98.6%
????
98.4%
????
98.3%
????
98.1%
????
97.6%
????
97.6%
????
97.4%
????
97%
????
96.7%
????
96.3%
????
95.6%
????
94.9%
Type the word... Word % Correct
????
93.9%
????
92.8%
????
91.4%
????
89.9%
????
87.2%
????
83.5%
????
79%
????
74.6%
????
68.7%
????
62.3%
????
56.7%
????
52.3%
????
46.8%
????
42.8%
????
39.1%
????
34.8%
????
32%
????
28.8%
????
25.9%
????
22.2%
????
19.7%

You're not logged in!

Compare scores with friends on all Sporcle quizzes.
Join for Free
OR
Log In

You Might Also Like...

Show Comments

Extras

Top Quizzes Today


Score Distribution

Your Account Isn't Verified!

In order to create a playlist on Sporcle, you need to verify the email address you used during registration. Go to your Sporcle Settings to finish the process.

Report this User

Report this user for behavior that violates our Community Guidelines.

Details: